000 00881cam a22002535a 4500
001 L154246
008 111107s2011 xxko f 000 0 eng d
020 _a9781848062191
035 _a(Sirsi) u154246
041 0 _aeng
050 0 4 _a333.72 $2 18
100 1 _aUpton, Stuart
245 0 0 _aVentilation rate measurement
_bnew tracer gases and techniques for healthy indoor environments
260 _aWatford
_bBRE
_c2011
300 _a8p.
_bill.
_c30cm.
490 0 _aBRE Information Paper
_v(13/11)
520 _aConsiders the new techniques and methods available for measuring ventilation rates in buildings.
521 _aAdvanced
590 _aKA
651 4 _aUnited Kingdom
_y
690 _aBUILT ENVIRONMENT-BUILDING ELEMENTS-COMPLETE BUILDING SERVICES ELEMENTS-COMPLETE HEATING, VENTILATION AND AIR CONDITIONING SYSTEMS
700 1 _aKukadia, Vina
942 _n0
999 _c112901
_d112901